Estadística para administradores

Guardat en:
Dades bibliogràfiques
Autor principal: Levin, Richard I (Autor)
Format: Llibre
Idioma:espanyol
Publicat: Ciudad de México Prentice-Hall 1992
Matèries:
Etiquetes: Afegir etiqueta
Sense etiquetes, Sigues el primer a etiquetar aquest registre!

MARC

LEADER 00000nam a2200000 a 4500
001 UCY5539
003 CL-VaPUC
008 950511e19920000MX |||||||||||||||||spa|d
082 0 4 |a 330.015195  |b LEV  |2 21 
100 |a Levin, Richard I  |e author  |9 574411 
245 1 0 |a Estadística para administradores 
300 |a 940 p 
942 |c BK 
945 |d 19950511 00:00:00  |a rbrito 
260 |a Ciudad de México  |b Prentice-Hall  |c 1992 
650 0 |a Estadística matemática  |9 260028 
650 0 |a Administración  |9 259325 
650 0 |a Análisis estadístico  |9 269506 
650 0 |a Estadística  |9 334407 
583 |a last modification  |c 19950511 00:00:00  |k Rodrigo Vera 
999 |c 233184  |d 233182 
952 |0 0  |1 0  |4 0  |6 330_015195000000000_LEV_1992  |7 0  |8 A  |9 238488  |a BIBENE  |b BIBENE  |d 2019-11-18  |i 3082466  |o 330.015195 LEV 1992  |p 3082466  |r 2025-01-15  |w 2019-11-18  |y BK  |k ICO